LIBRARY & INFORMATION CENTRE, KCAET, TAVANUR

ONLINE PUBLIC ACCESS CATALOGUE (OPAC)

Principles and practices for harvesting and handling fruits and nuts / (Record no. 10285)

MARC details
000 -LEADER
fixed length control field 00527cam a2200181ua 4500
020 ## - INTERNATIONAL STANDARD BOOK NUMBER
ISBN 0 87055 413 1
041 ## - LANGUAGE CODE
Language code of text/sound track or separate title eng
082 ## - DEWEY DECIMAL CLASSIFICATION NUMBER
Classification number 634.045
Item number OBR/PR
100 ## - MAIN ENTRY--AUTHOR NAME
Personal name Obrien, Michael .
245 ## - TITLE STATEMENT
Title Principles and practices for harvesting and handling fruits and nuts /
260 ## - PUBLICATION, DISTRIBUTION, ETC. (IMPRINT)
Place of publication Connecticut :
Name of publisher A V I Publishing company ,
Year of publication 1983.
300 ## - PHYSICAL DESCRIPTION
Number of Pages 636 ; .
700 1# - ADDED ENTRY--PERSONAL NAME
Personal name Cargill, Burton F .
700 1# - ADDED ENTRY--PERSONAL NAME
Personal name Friedley, Robert .
942 ## - ADDED ENTRY ELEMENTS (KOHA)
Koha item type Books
Holdings
Withdrawn status Lost status Damaged status Home library Current library Date acquired Full call number Accession Number Koha item type
      KAUAET KAUAET 07/04/2012 634.045 16368 Books
free website counter